|
|
|
|
| LEADER |
00810nam a2200205Ia 4500 |
| 001 |
CTU_106873 |
| 008 |
210402s9999 xx 000 0 und d |
| 020 |
|
|
|c 140000
|
| 082 |
|
|
|a 895.92233
|
| 082 |
|
|
|b V115/T.1 - Q1
|
| 245 |
|
0 |
|a Văn xuôi lãng mạn Việt Nam
|
| 245 |
|
0 |
|b 1887 - 2000
|
| 245 |
|
0 |
|c Sưu tầm và tuyển chọn: Hữu Nhuận
|
| 260 |
|
|
|a Thành phố Hồ Chí Minh
|
| 260 |
|
|
|b Văn hóa Sài Gòn
|
| 260 |
|
|
|c 2006
|
| 650 |
|
|
|a Vietnamese prose literature,Vietnamese fiction,Văn xuôi Việt Nam,Tiểu thuyết Việt Nam
|
| 650 |
|
|
|y 20th century,20th century,Thế kỷ 20,Thế kỷ 20
|
| 904 |
|
|
|i Năm, Mai chuyển số PL từ 895.9223008 thành 895.92233
|
| 980 |
|
|
|a Trung tâm Học liệu Trường Đại học Cần Thơ
|